Capitalism, Socialism and Serfdom (Record no. 1848643)
[ view plain ]
| 000 -LEADER | |
|---|---|
| fixed length control field | 01752nam a2200193 4500 |
| 005 - DATE AND TIME OF LATEST TRANSACTION | |
| control field | 20260429125857.0 |
| 008 - FIXED-LENGTH DATA ELEMENTS--GENERAL INFORMATION | |
| fixed length control field | 260429b |||||||| |||| 00| 0 eng d |
| 020 ## - INTERNATIONAL STANDARD BOOK NUMBER | |
| International Standard Book Number | 0521370914 |
| 040 ## - CATALOGING SOURCE | |
| Transcribing agency | RTL |
| Modifying agency | RTL |
| 084 ## - COLON CLASSIFICATION NUMBER | |
| Classification number | XB M9/TD |
| Assigning agency | RTL |
| 100 ## - MAIN ENTRY--PERSONAL NAME | |
| Personal name | Domar, D.Evsey |
| 9 (RLIN) | 1235991 |
| 245 ## - TITLE STATEMENT | |
| Title | Capitalism, Socialism and Serfdom |
| 260 ## - PUBLICATION, DISTRIBUTION, ETC. | |
| Place of publication, distribution, etc. | Newyork |
| Name of publisher, distributor, etc. | Cambridge University Press |
| Date of publication, distribution, etc. | 1989 |
| 300 ## - PHYSICAL DESCRIPTION | |
| Other physical details | Includes bibliographical references and index |
| Extent | xix, 294 p. :ill |
| 520 ## - SUMMARY, ETC. | |
| Summary, etc. | The collection consists of four parts: Part I presents three non-technical essays on economic development and economic systems. Four out of five essays in Part II deal with the theory and measurement of the so-called Index of Total Factor Productivity for several countries. The fifth essay is on the theory of index numbers. The first essay of Part III compares the American and Soviet patterns of economic development and finds that the path followed by each country might have been optimal for it at the time. The second essay develops a general theory of a producer cooperative. The third essay discusses a method for avoiding monopolistic exploitation, under either system, without price control. Part IV presents three applications of economic theory to historical problems - in particular, to serfdom and slavery. The first, on 'The Causes of Slavery or Serfdom', has become a classic. The second challenges the widely accepted view that Russian serfdom had become unprofitable for the serf-owners before the Emancipation of 1861. The last shows that the oft-repeated estimate of the overcharge for land allotted to the former serfs by the Emancipation has little basis in fact. |
| 650 ## - SUBJECT ADDED ENTRY--TOPICAL TERM | |
| Source of heading or term | Capitalism |
| 650 ## - SUBJECT ADDED ENTRY--TOPICAL TERM | |
| Source of heading or term | Socialism |
| 942 ## - ADDED ENTRY ELEMENTS (KOHA) | |
| Source of classification or shelving scheme | Colon Classification (CC) |
| Suppress in OPAC | No |
| Koha item type | Textbook |
| Classification part | XB M9/TD |
| Withdrawn status | Lost status | Source of classification or shelving scheme | Damaged status | Not for loan | Home library | Current library | Date acquired | Total Checkouts | Full call number | Barcode | Date last seen | Price effective from | Koha item type |
|---|---|---|---|---|---|---|---|---|---|---|---|---|---|
| Colon Classification (CC) | Ratan Tata Library | Ratan Tata Library | 2026-04-29 | XB M9/TD | RT1048209 | 2026-04-29 | 2026-04-29 | Textbook |
